000 00281nam a2200097Ia 4500
082 _aST 303.32 TURN
245 0 _aLife oriantation. Grade 11 : study and master
100 _a TURNER, Mandy Cape Town, 2009
_942783
942 _cBK
008 210817s9999 xx 000 0 und d
999 _c144929
_d144928